[Event "VII C.to Italiano U20"]
[Site "Laveno-Mombello ITA"]
[Date "1999.08.12"]
[Round "2"]
[White "Coratella, Giuseppe"]
[Black "Loetscher, Roland"]
[Result "0-1"]
[WhiteElo "2098"]
[BlackElo "2209"]
[PlyCount "48"]
[EventDate "1999.08.11"]

1. e4 c5 2. Nf3 d6 3. d4 cxd4 4. Nxd4 Nf6 5. Nc3 g6 6. Bc4 Bg7 7. Bb3 O-O 8. f3
Nc6 9. Be3 Bd7 10. Qd2 Rc8 11. O-O-O Ne5 12. h4 h5 13. Bg5 Rc5 14. g4 hxg4 15.
f4 Nc4 16. Qd3 b5 17. Ndxb5 Nxb2 18. Kxb2 Bxb5 19. Nxb5 Nxe4+ 20. Nd4 Nf2 21.
Qe3 Nxh1 22. Rxh1 Qb6 23. c3 Rfc8 24. Qxe7 R5c7 0-1

[Event "VII C.to Italiano U20"]
[Site "Laveno-Mombello ITA"]
[Date "1999.08.12"]
[Round "2"]
[White "De Bortoli, Peter"]
[Black "Forato, Piero"]
[Result "1-0"]
[WhiteElo "2225"]
[BlackElo "1665"]
[PlyCount "43"]
[EventDate "1999.08.11"]

1. e4 c5 2. Nf3 d6 3. d4 cxd4 4. Nxd4 Nf6 5. Nc3 a6 6. Bc4 e6 7. O-O Be7 8. f4
Qc7 9. Bb3 O-O 10. f5 e5 11. Nde2 Nbd7 12. Bg5 b5 13. Ng3 b4 14. Bxf6 Nxf6 15.
Nd5 Nxd5 16. Bxd5 Bb7 17. f6 Bxf6 18. Bb3 Rad8 19. Kh1 Kh8 20. Qd2 Qc5 21. Rxf6
gxf6 22. Qh6 1-0

[Event "VII C.to Italiano U20"]
[Site "Laveno-Mombello ITA"]
[Date "1999.08.12"]
[Round "2"]
[White "Dorighet, Claudio"]
[Black "Jovanovic, Zoran"]
[Result "1-0"]
[WhiteElo "2121"]
[BlackElo "2310"]
[PlyCount "57"]
[EventDate "1999.08.11"]

1. c4 e5 2. Nc3 Nc6 3. g3 Bb4 4. Nd5 Be7 5. Bg2 f5 6. e3 Nf6 7. Ne2 O-O 8. d4
e4 9. O-O Nxd5 10. cxd5 Nb4 11. Qb3 Bd6 12. Bd2 a5 13. Nc3 b6 14. a3 Na6 15. f3
exf3 16. Rxf3 g6 17. Raf1 Re8 18. Qc2 Bf8 19. d6 Bb7 20. d5 Nc5 21. b4 axb4 22.
axb4 Ne4 23. Nxe4 Rxe4 24. Bc3 Bxd6 25. Rxf5 gxf5 26. Bxe4 fxe4 27. Qxe4 Qe8
28. Qg4+ Qg6 29. Qxd7 1-0

[Event "VII C.to Italiano U20"]
[Site "Laveno-Mombello ITA"]
[Date "1999.08.12"]
[Round "2"]
[White "Drabke, Lorenz Maximilian"]
[Black "Castaldo, Folco"]
[Result "1/2-1/2"]
[WhiteElo "2102"]
[BlackElo "2225"]
[PlyCount "83"]
[EventDate "1999.08.11"]

1. e4 e6 2. d4 d5 3. Nd2 c5 4. exd5 Qxd5 5. Ngf3 cxd4 6. Bc4 Qd6 7. O-O Nf6 8.
Nb3 Nc6 9. Nbxd4 Nxd4 10. Qxd4 Qxd4 11. Nxd4 Bd7 12. c3 Rc8 13. Be2 Bc5 14. Nb3
Bb6 15. Bf3 Bc6 16. Bxc6+ Rxc6 17. Bf4 O-O 18. Rad1 Rcc8 19. Be5 Rfd8 20. Bd4
Bxd4 21. Rxd4 Rxd4 22. Nxd4 Nd5 23. Rd1 Kf8 24. Kf1 Ke7 25. Ke2 Rd8 26. g3 g6
27. Nc2 Rc8 28. Ne3 Nb6 29. Rd4 Rc5 30. Rd2 e5 31. f3 Ke6 32. c4 Rc8 33. b3 f5
34. Nd5 Nd7 35. Nc3 a6 36. Na4 Rc6 37. Rd3 a5 38. Kd2 Rd6 39. Rxd6+ Kxd6 40.
Nc3 h5 41. h3 Nf6 42. b4 1/2-1/2

[Event "VII C.to Italiano U20"]
[Site "Laveno-Mombello ITA"]
[Date "1999.08.12"]
[Round "2"]
[White "Ferro, Mario"]
[Black "Serio, Danilo"]
[Result "1-0"]
[WhiteElo "1807"]
[BlackElo "1588"]
[PlyCount "75"]
[EventDate "1999.08.11"]

1. e4 e5 2. Bc4 Bc5 3. Nc3 d6 4. d3 Nc6 5. Be3 Bxe3 6. fxe3 Nf6 7. Nf3 Bg4 8.
O-O Qd7 9. Nd5 O-O-O 10. c3 Nxd5 11. Bxd5 f6 12. Qb3 Rde8 13. c4 Be6 14. Rac1
Bxd5 15. cxd5 Nb8 16. Nd2 Na6 17. Nc4 Nc5 18. Qa3 Kb8 19. Na5 Qa4 20. Qc3 Re7
21. b4 Na6 22. Rb1 Qb5 23. Qb3 Rc8 24. a4 Qe8 25. Qc4 Ka8 26. Qa2 c5 27. dxc6
bxc6 28. b5 Nb8 29. Rfc1 Rec7 30. b6 axb6 31. Nc4 Rd8 32. Nxb6+ Ka7 33. Nd5 Qf7
34. Qd2 cxd5 35. Qa5+ Na6 36. Qb6+ Ka8 37. Qxa6+ Ra7 38. Qc8+ 1-0

[Event "VII C.to Italiano U20"]
[Site "Laveno-Mombello ITA"]
[Date "1999.08.12"]
[Round "2"]
[White "Frassoldati, Giacomo"]
[Black "Iafelice, Vincenzo"]
[Result "1-0"]
[WhiteElo "1579"]
[BlackElo "1741"]
[PlyCount "75"]
[EventDate "1999.08.11"]

1. c4 f5 2. g3 Nf6 3. Bg2 d6 4. d4 g6 5. Nc3 Bg7 6. Nf3 O-O 7. O-O Nc6 8. d5
Ne5 9. Nxe5 dxe5 10. Bg5 h6 11. Bd2 g5 12. Qc1 Kh7 13. f4 gxf4 14. gxf4 e4 15.
Qc2 Bd7 16. Kh1 Qe8 17. h3 Nh5 18. Rg1 Rg8 19. Nxe4 Ba4 20. Qd3 Bxb2 21. Rab1
Bg7 22. Nc5 Bd7 23. Rxb7 Bf6 24. Rxc7 Ng3+ 25. Kh2 Qg6 26. a4 Bc8 27. Be3 Rb8
28. Bf2 Bh4 29. Rc6 Qg7 30. Bd4 Qf7 31. Ne6 Bxe6 32. Rxe6 Nh5 33. e3 Nf6 34.
Qf1 Bg3+ 35. Kh1 Qh5 36. Rxe7+ Rg7 37. Rxg7+ Kxg7 38. Bf3 1-0

[Event "VII C.to Italiano U20"]
[Site "Laveno-Mombello ITA"]
[Date "1999.08.12"]
[Round "2"]
[White "Galioto, Natale"]
[Black "Costantini, Roberto"]
[Result "0-1"]
[WhiteElo "1934"]
[BlackElo "2196"]
[PlyCount "74"]
[EventDate "1999.08.11"]

1. e4 c5 2. Nf3 d6 3. d4 cxd4 4. Nxd4 Nf6 5. Nc3 a6 6. a4 e5 7. Nb3 Be7 8. Be2
O-O 9. O-O Be6 10. f4 exf4 11. Bxf4 Nc6 12. Kh1 Rc8 13. Nd4 Ne5 14. Bxe5 dxe5
15. Nxe6 fxe6 16. Bd3 Qb6 17. Rb1 Qc6 18. Qe2 Rfd8 19. Nd1 Bc5 20. Ne3 Bxe3 21.
Qxe3 Rf8 22. b3 Rc7 23. Qg5 Qd6 24. h3 Rcf7 25. Rbd1 Nxe4 26. Qe3 Rxf1+ 27.
Rxf1 Rxf1+ 28. Bxf1 Qd1 29. Qxe4 Qxf1+ 30. Kh2 Qf4+ 31. Qxf4 exf4 32. Kg1 Kf7
33. Kf2 Kf6 34. b4 b5 35. axb5 axb5 36. c4 bxc4 37. b5 Ke5 0-1

[Event "VII C.to Italiano U20"]
[Site "Laveno-Mombello ITA"]
[Date "1999.08.12"]
[Round "2"]
[White "Genocchio, Daniele"]
[Black "Tomba, Ivan"]
[Result "1/2-1/2"]
[WhiteElo "2291"]
[BlackElo "2010"]
[PlyCount "63"]
[EventDate "1999.08.11"]

1. c4 Nf6 2. Nc3 g6 3. g3 Bg7 4. Bg2 O-O 5. d3 d6 6. Nf3 e5 7. O-O c6 8. Rb1 a5
9. a3 Qc7 10. b4 axb4 11. axb4 Na6 12. Nd2 Be6 13. Ba3 Qd7 14. Na4 Ra7 15. b5
Nb8 16. bxc6 bxc6 17. Bb2 Bh3 18. c5 Bxg2 19. Kxg2 dxc5 20. Bxe5 Qd5+ 21. Nf3
Nbd7 22. Ba1 c4 23. Nc3 Qc5 24. d4 Qe7 25. Nd2 Nd5 26. e3 Qe6 27. e4 Rxa1 28.
exd5 Rxb1 29. dxe6 Rxd1 30. Rxd1 fxe6 31. Nxc4 c5 32. Ne2 1/2-1/2

[Event "VII C.to Italiano U20"]
[Site "Laveno-Mombello ITA"]
[Date "1999.08.12"]
[Round "2"]
[White "Lapiccirella, Daniele"]
[Black "Galli, Fabio"]
[Result "0-1"]
[WhiteElo "1891"]
[BlackElo "2158"]
[PlyCount "84"]
[EventDate "1999.08.11"]

1. d4 Nf6 2. c4 e6 3. Nc3 d5 4. cxd5 exd5 5. Bg5 Be7 6. e3 c6 7. Bd3 Nbd7 8.
Qc2 h6 9. Bh4 b6 10. Nf3 Bb7 11. O-O O-O 12. Rfd1 Re8 13. Rac1 Rc8 14. Qe2 Ne4
15. Bg3 Nxg3 16. hxg3 Rc7 17. Qc2 Rc8 18. Qe2 Bd6 19. Ba6 Rc7 20. Bxb7 Rxb7 21.
Rc2 Nf6 22. a3 Qe7 23. Rdc1 c5 24. dxc5 bxc5 25. Rd1 Qe6 26. Rcd2 Reb8 27. Nxd5
Nxd5 28. Rxd5 Rxb2 29. Qa6 R8b6 30. Qxa7 Rb1 31. R5d2 Qb3 32. Rxb1 Qxb1+ 33.
Kh2 c4 34. Qa8+ Kh7 35. Qc8 Qb5 36. a4 Qh5+ 37. Qh3 Qg6 38. Nh4 c3 39. Nxg6
cxd2 40. Nf4 d1=Q 41. Qf5+ Kg8 42. Qc8+ Bf8 0-1

[Event "VII C.to Italiano U20"]
[Site "Laveno-Mombello ITA"]
[Date "1999.08.12"]
[Round "2"]
[White "Lorusso, Giuseppe"]
[Black "Pelosin, Matteo"]
[Result "1-0"]
[WhiteElo "1528"]
[BlackElo "1606"]
[PlyCount "69"]
[EventDate "1999.08.11"]

1. d4 e6 2. c4 d5 3. Nc3 Nf6 4. Bg5 Nbd7 5. e3 Be7 6. Nf3 O-O 7. Rc1 c6 8. Bd3
dxc4 9. Bxc4 Nd5 10. Bxe7 Qxe7 11. O-O Nxc3 12. Rxc3 e5 13. Nxe5 Nxe5 14. dxe5
Qxe5 15. Qc2 Bf5 16. Bd3 Bxd3 17. Rxd3 Rad8 18. Rfd1 Qa5 19. b4 Qb6 20. a3 a5
21. Qc5 Qc7 22. bxa5 Ra8 23. Qb6 Qxb6 24. axb6 Ra6 25. Rb3 Rfa8 26. Rd7 Rb8 27.
Kf1 Kf8 28. Ke2 Ke8 29. Rc7 g6 30. Rd3 Rxb6 31. Rdd7 Rb2+ 32. Kf3 h5 33. Rxf7
Kd8 34. Rh7 Rb5 35. Rcg7 1-0

[Event "VII C.to Italiano U20"]
[Site "Laveno-Mombello ITA"]
[Date "1999.08.12"]
[Round "2"]
[White "Mariano, Elia"]
[Black "Delfino, Luigi"]
[Result "1-0"]
[WhiteElo "2235"]
[BlackElo "1909"]
[PlyCount "89"]
[EventDate "1999.08.11"]

1. d4 Nf6 2. c4 g6 3. Nc3 Bg7 4. e4 O-O 5. Bd3 d6 6. Nge2 e5 7. d5 a5 8. O-O
Nfd7 9. Be3 Na6 10. Rc1 Ndc5 11. Bb1 Bd7 12. Qd2 f5 13. exf5 Bxf5 14. f3 Qe8
15. Ng3 Rb8 16. Nge4 Bxe4 17. Bxe4 Nxe4 18. Nxe4 b6 19. a3 a4 20. Nc3 Nc5 21.
Rce1 Qd7 22. Nb5 Rf7 23. Bxc5 bxc5 24. Qa5 Bh6 25. Qxa4 Re8 26. Qc2 Rf5 27. Nc3
Qe7 28. Ne4 Kg7 29. Ng3 Rf4 30. Re4 Qh4 31. Ne2 Rxe4 32. Qxe4 Qxe4 33. fxe4 Rf8
34. Rxf8 Kxf8 35. Kf2 Ke7 36. b3 Kd7 37. Ke1 Be3 38. Nc3 Bc1 39. a4 Ba3 40. Kd2
Bb4 41. Kd3 Bxc3 42. Kxc3 Kc8 43. b4 Kb7 44. Kb3 Kb6 45. a5+ 1-0

[Event "VII C.to Italiano U20"]
[Site "Laveno-Mombello ITA"]
[Date "1999.08.12"]
[Round "2"]
[White "Mazzilli, Piero"]
[Black "Gianfrancesco, Alessandro"]
[Result "1-0"]
[WhiteElo "2131"]
[BlackElo "1624"]
[PlyCount "61"]
[EventDate "1999.08.11"]

1. e4 e6 2. d3 d5 3. Nd2 Nd7 4. Ngf3 b6 5. g3 dxe4 6. dxe4 e5 7. Bg2 Bc5 8. O-O
Ba6 9. c4 Ngf6 10. Qa4 Bb7 11. Nxe5 O-O 12. Nxd7 Qxd7 13. Qxd7 Nxd7 14. Nb3 Bd6
15. Bf4 Be5 16. Rfd1 Bxf4 17. gxf4 Rad8 18. e5 Bxg2 19. Kxg2 c5 20. Rd5 Nb8 21.
Rad1 Rxd5 22. cxd5 Rd8 23. Nc1 Na6 24. Ne2 Nc7 25. Nc3 Kf8 26. f5 a6 27. a4 Ne8
28. d6 f6 29. f4 g5 30. Ne4 Ng7 31. e6 1-0

[Event "VII C.to Italiano U20"]
[Site "Laveno-Mombello ITA"]
[Date "1999.08.12"]
[Round "2"]
[White "Pavanello, Diego"]
[Black "Giovannini, Gabriele"]
[Result "1-0"]
[WhiteElo "1609"]
[BlackElo "1458"]
[PlyCount "67"]
[EventDate "1999.08.11"]

1. c4 c5 2. Nc3 Nc6 3. Nf3 Nf6 4. d4 d5 5. dxc5 d4 6. Nb5 e5 7. e3 Bxc5 8. exd4
exd4 9. Bf4 Qe7+ 10. Be2 O-O 11. Nc7 Nh5 12. Nd5 Qe4 13. Qd3 Qxd3 14. Bxd3 Nxf4
15. Nxf4 Re8+ 16. Kd2 Bg4 17. Ng5 h6 18. Ne4 Bb4+ 19. Kc2 Ba5 20. a3 Ne5 21. b4
Bc7 22. Nd5 Bd6 23. Nxd6 Red8 24. Ne4 Nxd3 25. Kxd3 b5 26. Nef6+ gxf6 27. Nxf6+
Kg7 28. Nxg4 bxc4+ 29. Kxc4 f5 30. Ne5 Rac8+ 31. Kd3 Rc3+ 32. Kd2 Kf6 33. f4 d3
34. Kxc3 1-0

[Event "VII C.to Italiano U20"]
[Site "Laveno-Mombello ITA"]
[Date "1999.08.12"]
[Round "2"]
[White "Rouchouse, Stevens"]
[Black "Tappeiner, Michael"]
[Result "1-0"]
[WhiteElo "2198"]
[BlackElo "1579"]
[PlyCount "53"]
[EventDate "1999.08.11"]

1. e4 e5 2. d4 exd4 3. Nf3 Nc6 4. Nxd4 Bc5 5. Nxc6 Qf6 6. Qd2 Qxc6 7. Bd3 Nf6
8. Qf4 O-O 9. O-O d6 10. h3 Nd7 11. Nc3 Ne5 12. Bb5 Qb6 13. Be2 c6 14. Na4 Qa5
15. Nxc5 Qxc5 16. c3 Qb6 17. b3 f5 18. Be3 Qc7 19. exf5 Bxf5 20. Qd4 Nf7 21.
Bf4 Qd7 22. Bh2 d5 23. g4 Bg6 24. f4 Be4 25. Rad1 Rfe8 26. Bd3 a6 27. Bxe4 1-0

[Event "VII C.to Italiano U20"]
[Site "Laveno-Mombello ITA"]
[Date "1999.08.13"]
[Round "3"]
[White "Arnetta, Maria Teresa"]
[Black "Cardarelli, Angelo"]
[Result "0-1"]
[WhiteElo "1792"]
[BlackElo "1633"]
[PlyCount "78"]
[EventDate "1999.08.11"]

1. e4 c5 2. c3 Nf6 3. e5 Nd5 4. d4 cxd4 5. cxd4 d6 6. Bc4 Nb6 7. Bb3 dxe5 8.
Qh5 e6 9. dxe5 Bb4+ 10. Bd2 Nd5 11. Qg4 Bxd2+ 12. Nxd2 O-O 13. Ngf3 Nd7 14. O-O
f5 15. Qd4 N7b6 16. Nc4 Nxc4 17. Bxc4 b6 18. Bxd5 exd5 19. Qf4 Be6 20. Nd4 Qd7
21. Rac1 Rac8 22. b3 Rc5 23. h4 Rfc8 24. Qe3 Qe7 25. g3 g6 26. Kg2 Kf7 27. Qh6
Rxc1 28. Rxc1 Rxc1 29. Qxc1 Qc5 30. Qg5 Qxd4 31. Qf6+ Kg8 32. Qxe6+ Kg7 33.
Qe7+ Kh6 34. Qf8+ Kh5 35. Qg7 Qe4+ 36. Kh2 h6 37. Qxa7 Qxe5 38. Qxb6 d4 39. Qb4
d3 0-1

[Event "VII C.to Italiano U20"]
[Site "Laveno-Mombello ITA"]
[Date "1999.08.13"]
[Round "3"]
[White "Biasoli, Marco"]
[Black "Sedani, Elisa"]
[Result "0-1"]
[WhiteElo "1600"]
[BlackElo "1479"]
[PlyCount "68"]
[EventDate "1999.08.11"]

1. e4 e5 2. Nf3 Nc6 3. Bc4 Bc5 4. d3 Nf6 5. Bg5 d6 6. h3 Bd7 7. O-O Qe7 8. Nc3
h6 9. Nd5 Qd8 10. Nxf6+ gxf6 11. Bh4 Qe7 12. c3 O-O-O 13. Re1 Rdg8 14. Kf1 Rg6
15. Ng1 Rhg8 16. g3 Qe8 17. Qf3 Qe7 18. b4 Bb6 19. a4 a6 20. b5 Na5 21. bxa6
bxa6 22. Bxa6+ Kd8 23. d4 Nb3 24. Rad1 Bxa4 25. dxe5 Nc5 26. Bxf6 Rxf6 27. exf6
Qe6 28. Ra1 Nb3 29. e5 Nd2+ 30. Kg2 Nxf3 31. Nxf3 Bd7 32. Ng1 Bc6+ 33. Kh2 Bxf2
34. Re2 Bxg3# 0-1

[Event "VII C.to Italiano U20"]
[Site "Laveno-Mombello ITA"]
[Date "1999.08.13"]
[Round "3"]
[White "Castaldo, Folco"]
[Black "Rouchouse, Stevens"]
[Result "1/2-1/2"]
[WhiteElo "2225"]
[BlackElo "2198"]
[PlyCount "43"]
[EventDate "1999.08.11"]

1. e4 c5 2. c3 Nf6 3. e5 Nd5 4. d4 cxd4 5. Nf3 e6 6. cxd4 d6 7. Nc3 Nxc3 8.
bxc3 dxe5 9. Nxe5 Nd7 10. Nf3 Qc7 11. Bd2 b6 12. Bd3 Bb7 13. O-O Bd6 14. Re1
O-O 15. h3 h6 16. Qe2 Rfe8 17. Ne5 Nxe5 18. dxe5 Bf8 19. Rad1 Red8 20. Bc2 Rac8
21. Qg4 Qc4 22. Qxc4 1/2-1/2

[Event "VII C.to Italiano U20"]
[Site "Laveno-Mombello ITA"]
[Date "1999.08.13"]
[Round "3"]
[White "Costantini, Roberto"]
[Black "Drabke, Lorenz Maximilian"]
[Result "1-0"]
[WhiteElo "2196"]
[BlackElo "2102"]
[PlyCount "75"]
[EventDate "1999.08.11"]

1. e4 c5 2. Nf3 e6 3. d4 cxd4 4. Nxd4 a6 5. Bd3 Qc7 6. O-O Nf6 7. Qe2 d6 8. c4
Nbd7 9. Nc3 Be7 10. Bd2 O-O 11. b3 b6 12. Kh1 Bb7 13. f4 Rfe8 14. Nf3 Bf8 15.
Rae1 g6 16. Bb1 Bg7 17. Qf2 Rad8 18. Qh4 Qb8 19. Qh3 Nh5 20. f5 exf5 21. exf5
Ne5 22. Ng5 Nf6 23. fxg6 hxg6 24. Rxf6 Bxf6 25. Qh7+ Kf8 26. Rxe5 Rd7 27. Rxe8+
Qxe8 28. Nge4 Bg7 29. Bh6 Qe5 30. Qh8+ Ke7 31. Qxg7 Bxe4 32. Nxe4 Qxg7 33. Bxg7
d5 34. cxd5 Rxd5 35. Nc3 Rd2 36. h3 f6 37. Bxg6 Rc2 38. Bxc2 1-0

[Event "VII C.to Italiano U20"]
[Site "Laveno-Mombello ITA"]
[Date "1999.08.13"]
[Round "3"]
[White "Delfino, Luigi"]
[Black "Pavanello, Diego"]
[Result "1-0"]
[WhiteElo "1909"]
[BlackElo "1609"]
[PlyCount "25"]
[EventDate "1999.08.11"]

1. d4 Nf6 2. e3 e6 3. Bd3 c5 4. c3 d5 5. f4 Nc6 6. Nf3 Bd6 7. O-O O-O 8. Nbd2
cxd4 9. cxd4 b6 10. a3 Bb7 11. Ne5 Rc8 12. Rf3 Nd7 13. Bxh7+ 1-0

[Event "VII C.to Italiano U20"]
[Site "Laveno-Mombello ITA"]
[Date "1999.08.13"]
[Round "3"]
[White "Forato, Piero"]
[Black "Galioto, Natale"]
[Result "1/2-1/2"]
[WhiteElo "1665"]
[BlackElo "1934"]
[PlyCount "47"]
[EventDate "1999.08.11"]

1. e4 e6 2. d4 d5 3. Nc3 Bb4 4. e5 c5 5. a3 Bxc3+ 6. bxc3 Ne7 7. Nf3 Nbc6 8.
Bd3 Bd7 9. O-O Ng6 10. Be3 O-O 11. Qd2 c4 12. Be2 f5 13. exf6 Qxf6 14. Rae1
Rae8 15. h4 h6 16. h5 Nh4 17. Nxh4 Qxh4 18. f4 Ne7 19. g4 Qg3+ 20. Kh1 Nc8 21.
Rf2 Nd6 22. Rg1 Qh4+ 23. Rh2 Qe7 24. Bf3 1/2-1/2

[Event "VII C.to Italiano U20"]
[Site "Laveno-Mombello ITA"]
[Date "1999.08.13"]
[Round "3"]
[White "Frassoldati, Giacomo"]
[Black "Lapiccirella, Daniele"]
[Result "0-1"]
[WhiteElo "1579"]
[BlackElo "1891"]
[PlyCount "76"]
[EventDate "1999.08.11"]

1. c4 Nf6 2. Nc3 c5 3. Nf3 Nc6 4. d4 cxd4 5. Nxd4 g6 6. e4 d6 7. Be2 Bg7 8. Be3
O-O 9. O-O Nxd4 10. Bxd4 Bd7 11. f3 b6 12. Qd2 Bc6 13. Be3 Rc8 14. Rac1 Bb7 15.
Bd3 Qc7 16. Kh1 Rfd8 17. Ne2 Nd7 18. b3 Ne5 19. Bb1 Qb8 20. Ng3 e6 21. Bg5 Rd7
22. f4 Nc6 23. f5 Ne5 24. f6 Bf8 25. Bh6 Rcc7 26. Nh5 gxh5 27. Qg5+ Ng6 28. Bg7
Bxg7 29. fxg7 Rc5 30. Qh6 Re5 31. Rc3 h4 32. Rcf3 f6 33. Rxf6 Rxg7 34. Qe3 Qc7
35. Qh3 Qe7 36. Qf3 Bc6 37. g3 hxg3 38. h4 Rf5 0-1

[Event "VII C.to Italiano U20"]
[Site "Laveno-Mombello ITA"]
[Date "1999.08.13"]
[Round "3"]
[White "Galli, Fabio"]
[Black "Cacco, Christian"]
[Result "0-1"]
[WhiteElo "2158"]
[BlackElo "2292"]
[PlyCount "94"]
[EventDate "1999.08.11"]

1. e4 c5 2. Nf3 Nc6 3. d4 cxd4 4. Nxd4 Nf6 5. Nc3 e5 6. Nb3 Be7 7. Be2 O-O 8.
O-O d6 9. f4 exf4 10. Bxf4 Be6 11. Bf3 Ne5 12. Nd5 Bxd5 13. exd5 Nfd7 14. Kh1
Bg5 15. Qc1 h6 16. Nd4 Bxf4 17. Qxf4 Qf6 18. Qxf6 Nxf6 19. Nf5 Rfd8 20. Ne3
Rac8 21. Rac1 b5 22. Rfd1 Rc5 23. Rd4 Re8 24. Nf5 Rd8 25. h3 Kh7 26. Ne3 g6 27.
Ng4 Nfxg4 28. hxg4 Rdc8 29. c3 a5 30. Rcd1 Rb8 31. R1d2 b4 32. cxb4 axb4 33. b3
Kg7 34. Rf2 Rc3 35. Kg1 Rc1+ 36. Kh2 Rb6 37. Kg3 g5 38. Be4 Rc3+ 39. Bf3 h5 40.
Kh2 Rc1 41. gxh5 f5 42. g4 f4 43. Kg2 Rc3 44. Re4 Ra6 45. Rxb4 Nxf3 46. Rxf3
Rxa2+ 47. Rf2 Rg3+ 0-1

[Event "VII C.to Italiano U20"]
[Site "Laveno-Mombello ITA"]
[Date "1999.08.13"]
[Round "3"]
[White "Ganci, Fabrizio"]
[Black "Genocchio, Daniele"]
[Result "0-1"]
[WhiteElo "1669"]
[BlackElo "2291"]
[PlyCount "140"]
[EventDate "1999.08.11"]

1. d4 Nf6 2. Nf3 b5 3. Bf4 Bb7 4. Nbd2 Nh5 5. Be3 f5 6. Nb3 d6 7. Qd3 Qd7 8. g3
Be4 9. Qd2 e6 10. Bg2 Nc6 11. O-O Nf6 12. Bg5 Be7 13. Rfd1 O-O 14. Rac1 Bd5 15.
Bxf6 Bxf6 16. e3 Qe8 17. Na5 Nd8 18. c4 bxc4 19. Nxc4 Qh5 20. Ne1 g5 21. Qd3 g4
22. Bxd5 exd5 23. Nd2 Ne6 24. Ng2 Kh8 25. Nf4 Nxf4 26. exf4 Qf7 27. Nf1 Rab8
28. Rd2 Rb4 29. Qxf5 Rxd4 30. Rxd4 Bxd4 31. Qxf7 Rxf7 32. Rd1 Bxb2 33. Rxd5 Ba3
34. Ne3 c6 35. Rd3 Bc5 36. Nxg4 h5 37. Ne3 Rb7 38. Nc4 d5 39. Ne5 Rc7 40. Rc3
Bd4 41. Rd3 Ba1 42. Rd1 Bc3 43. Kf1 Kg7 44. Rd3 Ba1 45. Rd1 Bc3 46. Rd3 d4 47.
Ke2 c5 48. Nc4 Re7+ 49. Kf3 Re1 50. h3 Rh1 51. Kg2 Rc1 52. a4 Ba1 53. Ra3 Bc3
54. Rb3 d3 55. Rb7+ Kf8 56. Rd7 Bd4 57. Nd2 Rc2 58. Nb3 Ke8 59. Nxc5 Rxf2+ 60.
Kh1 Bxc5 61. Rxd3 h4 62. Rd5 Bb4 63. Rb5 a5 64. gxh4 Kf7 65. Rf5+ Ke6 66. Re5+
Kf6 67. h5 Rxf4 68. Rb5 Rf2 69. h6 Kg6 70. Rb6+ Kh7 0-1

[Event "VII C.to Italiano U20"]
[Site "Laveno-Mombello ITA"]
[Date "1999.08.13"]
[Round "3"]
[White "Gianfrancesco, Alessandro"]
[Black "Coratella, Giuseppe"]
[Result "0-1"]
[WhiteElo "1624"]
[BlackElo "2098"]
[PlyCount "84"]
[EventDate "1999.08.11"]

1. d4 Nf6 2. Nf3 g6 3. Bg5 Bg7 4. e3 d6 5. Bd3 O-O 6. O-O c5 7. dxc5 dxc5 8.
Nc3 Nc6 9. Rb1 Qa5 10. Bb5 Rd8 11. Qe2 h6 12. Bxf6 exf6 13. Qc4 Be6 14. Qa4
Qxa4 15. Nxa4 Bxa2 16. Rbd1 Bd5 17. Nxc5 a6 18. e4 Bxe4 19. Nxe4 axb5 20. Nd6
f5 21. Nxb5 Rxd1 22. Rxd1 Bxb2 23. Nd6 Rd8 24. Rd3 Rd7 25. Kf1 Ne5 26. Rb3 Nxf3
27. gxf3 Be5 28. Nxb7 Bxh2 29. Kg2 Bf4 30. Nc5 Rd2 31. Rc3 h5 32. Nd3 Bd6 33.
Rc6 Be7 34. Rc8+ Kg7 35. Rc7 Bf6 36. f4 Re2 37. c4 Rd2 38. Rd7 Kf8 39. Ne5 Rxd7
40. Nxd7+ Ke7 41. Nb6 Kd6 42. f3 Bd8 0-1

[Event "VII C.to Italiano U20"]
[Site "Laveno-Mombello ITA"]
[Date "1999.08.13"]
[Round "3"]
[White "Giovannini, Gabriele"]
[Black "Bonzano, Maria Angela"]
[Result "0-1"]
[WhiteElo "1458"]
[BlackElo "1593"]
[PlyCount "93"]
[EventDate "1999.08.11"]

1. e4 c6 2. d4 d5 3. exd5 cxd5 4. Nf3 Nf6 5. Bb5+ Bd7 6. Qd3 a6 7. Bxd7+ Nbxd7
8. O-O e6 9. Bg5 Be7 10. Nc3 O-O 11. Rfe1 Re8 12. Re2 Rc8 13. Rae1 Bb4 14. Ne5
Qc7 15. Qg3 Bf8 16. Bh6 g6 17. Nxd7 Qxd7 18. Bg5 Nh5 19. Qf3 Ng7 20. Re3 Nf5
21. Rd3 Bg7 22. Qf4 Rc4 23. Red1 h6 24. Bh4 Nxh4 25. Qxh4 Rec8 26. Rh3 b5 27.
Qf4 Kh7 28. g4 b4 29. Na4 Qc7 30. Qxc7 R8xc7 31. c3 bxc3 32. bxc3 Rxa4 33. Ra1
Ra3 34. Rc1 Bxd4 35. Kg2 Raxc3 36. Rhxc3 Rxc3 37. Rxc3 Bxc3 38. Kf3 Kg7 39. Ke3
d4+ 40. Kd3 Kf6 41. Ke4 e5 42. h4 a5 43. f4 exf4 44. Kxf4 d3 45. Ke3 d2 46. Ke2
Ke5 47. Kd1 0-1

[Event "VII C.to Italiano U20"]
[Site "Laveno-Mombello ITA"]
[Date "1999.08.13"]
[Round "3"]
[White "Iafelice, Vincenzo"]
[Black "Serio, Danilo"]
[Result "1-0"]
[WhiteElo "1741"]
[BlackElo "1588"]
[PlyCount "55"]
[EventDate "1999.08.11"]

1. e4 e5 2. Nf3 Nc6 3. Bc4 Bc5 4. c3 d6 5. O-O Bg4 6. d3 Qd7 7. Be3 h5 8. h3
Be6 9. Bxe6 fxe6 10. d4 exd4 11. cxd4 Bb6 12. d5 Bxe3 13. dxc6 Bxf2+ 14. Rxf2
Qxc6 15. Nc3 Qd7 16. Qb3 O-O-O 17. Ng5 Re8 18. Rf7 Qc6 19. Nxe6 Ne7 20. Nd5
Nxd5 21. exd5 Qa6 22. Rc1 c5 23. dxc6 b6 24. Qd5 Qe2 25. Rc7+ Kb8 26. Rb7+ Kc8
27. Rb8+ Kxb8 28. Qxd6+ 1-0

[Event "VII C.to Italiano U20"]
[Site "Laveno-Mombello ITA"]
[Date "1999.08.13"]
[Round "3"]
[White "Ibba, Isacco"]
[Black "Artizzu, Giulio"]
[Result "1/2-1/2"]
[WhiteElo "1786"]
[BlackElo "1825"]
[PlyCount "83"]
[EventDate "1999.08.11"]

1. e4 g6 2. d4 Bg7 3. Bc4 c5 4. Ne2 cxd4 5. Nxd4 Nc6 6. Be3 Nf6 7. Nc3 d6 8. f3
O-O 9. O-O Qb6 10. Nce2 Qxb2 11. Rb1 Qa3 12. Rb3 Qa5 13. Nxc6 bxc6 14. Nd4 Qc7
15. Qd2 e5 16. Ne2 Be6 17. Bxe6 fxe6 18. Rfb1 Rab8 19. Rxb8 Rxb8 20. Rxb8+ Qxb8
21. Qa5 c5 22. Nc3 Qb6 23. Qa3 a5 24. Qb3 Qxb3 25. axb3 Bf8 26. Nb5 d5 27. Nc7
Kf7 28. exd5 Nxd5 29. Nxd5 exd5 30. Bd2 Ke6 31. Bxa5 d4 32. Kf2 Bh6 33. Ke2 Kd5
34. Kd3 Bc1 35. Be1 h5 36. Ba5 Bf4 37. h3 Bg3 38. Bd2 Bh4 39. Ba5 Bg5 40. Be1
Bc1 41. Ba5 Bh6 42. Be1 1/2-1/2

[Event "VII C.to Italiano U20"]
[Site "Laveno-Mombello ITA"]
[Date "1999.08.13"]
[Round "3"]
[White "Jovanovic, Zoran"]
[Black "Arnetta, Marianna"]
[Result "1-0"]
[WhiteElo "2310"]
[BlackElo "1714"]
[PlyCount "55"]
[EventDate "1999.08.11"]

1. e4 e6 2. d4 d5 3. Nc3 Nf6 4. Bg5 Be7 5. e5 Nfd7 6. Bxe7 Qxe7 7. f4 a6 8. Nf3
c5 9. Bd3 Nc6 10. O-O cxd4 11. Ne2 Nc5 12. Nexd4 Nxd4 13. Nxd4 Nxd3 14. Qxd3
O-O 15. c3 Bd7 16. Rf3 f6 17. Re1 Rae8 18. exf6 Qxf6 19. Re5 Re7 20. g3 g6 21.
Rfe3 Rfe8 22. Qe2 Kf7 23. Qc2 h6 24. Qb3 Bc8 25. Qb6 h5 26. Nf3 Kg7 27. h4 Kg8
28. Rxd5 1-0

[Event "VII C.to Italiano U20"]
[Site "Laveno-Mombello ITA"]
[Date "1999.08.13"]
[Round "3"]
[White "Loetscher, Roland"]
[Black "Dorighet, Claudio"]
[Result "0-1"]
[WhiteElo "2209"]
[BlackElo "2121"]
[PlyCount "92"]
[EventDate "1999.08.11"]

1. d4 e6 2. c4 f5 3. g3 Nf6 4. Bg2 Be7 5. Nf3 d6 6. O-O O-O 7. b3 Qe8 8. Bb2 a5
9. Nbd2 Na6 10. Qc2 Qh5 11. Rae1 c6 12. e4 fxe4 13. Nxe4 Nb4 14. Nxf6+ Bxf6 15.
Qb1 e5 16. dxe5 Bf5 17. Qd1 dxe5 18. Nxe5 Qxd1 19. Rxd1 Rfe8 20. f4 Nxa2 21.
Rd2 Rad8 22. Rxd8 Bxd8 23. Rd1 Bb6+ 24. Kf1 Rd8 25. Rxd8+ Bxd8 26. c5 Be7 27.
Bd4 Nc1 28. Bxc6 Bh3+ 29. Bg2 Bxg2+ 30. Kxg2 Nxb3 31. c6 bxc6 32. Nxc6 Nxd4 33.
Nxd4 Bf6 34. Nb3 a4 35. Nc1 Kf7 36. Kf3 Ke6 37. Ke4 Kd6 38. Na2 Kc5 39. Kd3 a3
40. f5 Kd5 41. g4 Ke5 42. Ke3 Bg5+ 43. Kf3 Kd4 44. Kg3 Kc4 45. h4 Bd2 46. g5
Kb3 0-1